[Event "DEM U16w 2025"]
[Site "Willingen GER"]
[Date "2025.06.11"]
[Round "6"]
[White "Boronina, Kseniia"]
[Black "Hoffmann, Svenja"]
[Result "1-0"]
[Termination "normal"]
[Board "11"]
[WhiteElo "1691"]
[BlackElo "1761"]
[WhiteClock "00:15:16"]
[BlackClock "00:38:33"]
[PlyCount "107"]
[WhiteFideId "34308768"]
[BlackFideId "16287312"]
[EventCountry "GER"]
[EventRounds "9"]
[EventType "swiss"]
[EventDate "2025.06.07"]

1. d4 {[%clk 01:30:56]} {[%emt 00:00:04]} Nf6 {[%clk 01:30:43]} {[%emt
00:00:18]} 2. Nf3 {[%clk 01:31:23]} {[%emt 00:00:02]} g6 {[%clk 01:31:05]}
{[%emt 00:00:08]} 3. Nbd2 {[%clk 01:31:47]} {[%emt 00:00:05]} d5 {[%clk
01:30:23]} {[%emt 00:01:13]} 4. b4 {[%clk 01:32:09]} {[%emt 00:00:08]} Bg7
{[%clk 01:29:26]} {[%emt 00:01:27]} 5. e3 {[%clk 01:32:32]} {[%emt 00:00:07]}
O-O {[%clk 01:28:03]} {[%emt 00:01:54]} 6. Bd3 {[%clk 01:32:57]} {[%emt
00:00:04]} b6 {[%clk 01:23:42]} {[%emt 00:04:52]} 7. O-O {[%clk 01:32:55]}
{[%emt 00:00:32]} Nbd7 {[%clk 01:23:40]} {[%emt 00:00:31]} 8. b5 {[%clk
01:25:55]} {[%emt 00:07:31]} Bb7 {[%clk 01:23:12]} {[%emt 00:00:57]} 9. Bb2
{[%clk 01:21:04]} {[%emt 00:05:20]} c5 {[%clk 01:21:28]} {[%emt 00:02:15]} 10.
bxc6 {[%clk 01:15:26]} {[%emt 00:06:08]} Bxc6 {[%clk 01:21:51]} {[%emt
00:00:07]} 11. c4 {[%clk 01:13:39]} {[%emt 00:02:17]} e6 {[%clk 01:12:40]}
{[%emt 00:09:42]} 12. Rc1 {[%clk 01:12:11]} {[%emt 00:01:58]} Ne4 {[%clk
01:12:27]} {[%emt 00:00:42]} 13. cxd5 {[%clk 01:11:53]} {[%emt 00:00:48]} Nxd2
{[%clk 01:12:28]} {[%emt 00:00:30]} 14. Qxd2 {[%clk 01:11:41]} {[%emt
00:00:41]} Bxd5 {[%clk 01:12:40]} {[%emt 00:00:18]} 15. e4 {[%clk 01:11:44]}
{[%emt 00:00:27]} Bb7 {[%clk 01:13:02]} {[%emt 00:00:08]} 16. Rc2 {[%clk
01:10:27]} {[%emt 00:01:47]} Nf6 {[%clk 01:12:33]} {[%emt 00:00:59]} 17. e5
{[%clk 00:58:09]} {[%emt 00:12:48]} Ne4 {[%clk 01:12:05]} {[%emt 00:00:57]} 18.
Qe3 {[%clk 00:57:11]} {[%emt 00:01:29]} f5 {[%clk 01:12:14]} {[%emt 00:00:21]}
19. exf6 {[%clk 00:57:21]} {[%emt 00:00:20]} Nxf6 {[%clk 01:12:33]} {[%emt
00:00:11]} 20. Qxe6+ {[%clk 00:57:40]} {[%emt 00:00:11]} Kh8 {[%clk 01:12:59]}
{[%emt 00:00:04]} 21. Ne5 {[%clk 00:45:01]} {[%emt 00:13:09]} Qd5 {[%clk
01:05:00]} {[%emt 00:08:29]} 22. Qh3 {[%clk 00:44:23]} {[%emt 00:01:09]} Qd6
{[%clk 00:56:51]} {[%emt 00:08:38]} 23. Nxg6+ {[%clk 00:41:12]} {[%emt
00:03:41]} Kg8 {[%clk 00:57:10]} {[%emt 00:00:10]} 24. Nxf8 {[%clk 00:40:40]}
{[%emt 00:01:03]} Rxf8 {[%clk 00:57:08]} {[%emt 00:00:31]} 25. Bc4+ {[%clk
00:40:48]} {[%emt 00:00:24]} Kh8 {[%clk 00:57:15]} {[%emt 00:00:22]} 26. Ba3
{[%clk 00:39:21]} {[%emt 00:01:57]} Qxd4 {[%clk 00:56:29]} {[%emt 00:01:16]}
27. Bxf8 {[%clk 00:39:40]} {[%emt 00:00:10]} Bxf8 {[%clk 00:56:55]} {[%emt
00:00:05]} 28. Qe3 {[%clk 00:34:54]} {[%emt 00:05:14]} Qg4 {[%clk 00:54:34]}
{[%emt 00:02:53]} 29. Qg3 {[%clk 00:32:31]} {[%emt 00:02:52]} Qe4 {[%clk
00:54:45]} {[%emt 00:00:21]} 30. Bd3 {[%clk 00:29:16]} {[%emt 00:03:45]} Qd5
{[%clk 00:54:55]} {[%emt 00:00:19]} 31. Qf3 {[%clk 00:28:33]} {[%emt 00:01:14]}
Qf7 {[%clk 00:54:01]} {[%emt 00:01:24]} 32. Qf5 {[%clk 00:24:32]} {[%emt
00:04:31]} Qg7 {[%clk 00:53:22]} {[%emt 00:01:08]} 33. f3 {[%clk 00:24:15]}
{[%emt 00:00:47]} Bc5+ {[%clk 00:52:47]} {[%emt 00:01:05]} 34. Kh1 {[%clk
00:24:41]} {[%emt 00:00:05]} Qf8 {[%clk 00:51:04]} {[%emt 00:02:13]} 35. Rc4
{[%clk 00:19:59]} {[%emt 00:05:12]} Bc8 {[%clk 00:50:59]} {[%emt 00:00:35]} 36.
Qg5 {[%clk 00:20:05]} {[%emt 00:00:21]} Ba6 {[%clk 00:50:07]} {[%emt 00:01:25]}
37. Rc3 {[%clk 00:17:37]} {[%emt 00:02:58]} Bxd3 {[%clk 00:49:41]} {[%emt
00:00:57]} 38. Rxd3 {[%clk 00:18:01]} {[%emt 00:00:05]} Be7 {[%clk 00:48:50]}
{[%emt 00:01:21]} 39. Qe5 {[%clk 00:18:16]} {[%emt 00:00:10]} a5 {[%clk
00:43:29]} {[%emt 00:05:56]} 40. g4 {[%clk 00:15:59]} {[%emt 00:02:47]} h6
{[%clk 00:43:36]} {[%emt 00:00:22]} 41. h4 {[%clk 00:15:48]} {[%emt 00:00:43]}
Kg8 {[%clk 00:42:51]} {[%emt 00:01:14]} 42. Qf5 {[%clk 00:15:49]} {[%emt
00:00:27]} Qf7 {[%clk 00:41:48]} {[%emt 00:01:34]} 43. Re1 {[%clk 00:14:57]}
{[%emt 00:01:23]} Kf8 {[%clk 00:41:31]} {[%emt 00:00:47]} 44. g5 {[%clk
00:14:16]} {[%emt 00:01:11]} hxg5 {[%clk 00:41:21]} {[%emt 00:00:40]} 45. hxg5
{[%clk 00:14:22]} {[%emt 00:00:24]} Qh7+ {[%clk 00:38:41]} {[%emt 00:03:09]}
46. Qxh7 {[%clk 00:14:39]} {[%emt 00:00:14]} Nxh7 {[%clk 00:39:06]} {[%emt
00:00:05]} 47. Rd7 {[%clk 00:14:44]} {[%emt 00:00:25]} Bb4 {[%clk 00:39:06]}
{[%emt 00:00:31]} 48. Rxh7 {[%clk 00:13:17]} {[%emt 00:01:56]} Bxe1 {[%clk
00:39:22]} {[%emt 00:00:12]} 49. Rb7 {[%clk 00:13:42]} {[%emt 00:00:05]} Bf2
{[%clk 00:39:40]} {[%emt 00:00:13]} 50. a4 {[%clk 00:14:03]} {[%emt 00:00:10]}
Be3 {[%clk 00:39:39]} {[%emt 00:00:31]} 51. g6 {[%clk 00:14:23]} {[%emt
00:00:09]} Bd4 {[%clk 00:39:37]} {[%emt 00:00:33]} 52. Kg2 {[%clk 00:14:43]}
{[%emt 00:00:10]} Ke8 {[%clk 00:39:15]} {[%emt 00:00:51]} 53. Kg3 {[%clk
00:14:58]} {[%emt 00:00:16]} Kd8 {[%clk 00:38:33]} {[%emt 00:01:11]} 54. g7
{[%clk 00:15:16]} {[%emt 00:00:13]} 1-0

[Event "DEM U16w 2025"]
[Site "Willingen GER"]
[Date "2025.06.11"]
[Round "6"]
[White "Rabe, Elina"]
[Black "Fischermann, Charlotte"]
[Result "1-0"]
[Termination "normal"]
[Board "12"]
[WhiteElo "1507"]
[BlackElo "1715"]
[WhiteClock "00:19:43"]
[BlackClock "00:36:53"]
[PlyCount "89"]
[WhiteFideId "34623531"]
[BlackFideId "34619690"]
[EventCountry "GER"]
[EventRounds "9"]
[EventType "swiss"]
[EventDate "2025.06.07"]

1. Nc3 {[%clk 01:30:59]} d5 {[%clk 01:30:40]} {[%emt 00:00:20]} 2. e4 {[%clk
01:31:25]} {[%emt 00:00:05]} dxe4 {[%clk 01:30:22]} {[%emt 00:00:48]} 3. Nxe4
{[%clk 01:31:53]} {[%emt 00:00:02]} e5 {[%clk 01:30:14]} {[%emt 00:00:38]} 4.
Nf3 {[%clk 01:31:56]} {[%emt 00:00:27]} Nc6 {[%clk 01:30:10]} {[%emt 00:00:34]}
5. Bb5 {[%clk 01:32:20]} {[%emt 00:00:07]} Qd5 {[%clk 01:29:03]} {[%emt
00:01:36]} 6. Nc3 {[%clk 01:29:55]} {[%emt 00:02:55]} Qe6 {[%clk 01:26:30]}
{[%emt 00:03:03]} 7. O-O {[%clk 01:29:46]} {[%emt 00:00:40]} Nge7 {[%clk
01:22:31]} {[%emt 00:04:28]} 8. Re1 {[%clk 01:29:41]} {[%emt 00:00:35]} Bd7
{[%clk 01:20:19]} {[%emt 00:02:42]} 9. d4 {[%clk 01:27:59]} {[%emt 00:02:12]}
Qg6 {[%clk 01:16:00]} {[%emt 00:04:47]} 10. Nxe5 {[%clk 01:24:27]} {[%emt
00:04:05]} Nxe5 {[%clk 01:15:40]} {[%emt 00:00:49]} 11. Rxe5 {[%clk 01:22:26]}
{[%emt 00:02:31]} O-O-O {[%clk 01:14:20]} {[%emt 00:01:51]} 12. Bxd7+ {[%clk
01:21:29]} {[%emt 00:01:26]} Rxd7 {[%clk 01:14:35]} {[%emt 00:00:15]} 13. Re1
{[%clk 01:12:29]} {[%emt 00:09:31]} f6 {[%clk 01:12:19]} {[%emt 00:02:46]} 14.
Ne4 {[%clk 01:04:30]} {[%emt 00:08:29]} Nf5 {[%clk 01:11:04]} {[%emt 00:01:43]}
15. c3 {[%clk 00:59:06]} {[%emt 00:05:56]} Nh4 {[%clk 01:04:50]} {[%emt
00:06:42]} 16. Ng3 {[%clk 00:58:02]} {[%emt 00:01:36]} Bd6 {[%clk 01:04:09]}
{[%emt 00:01:11]} 17. f4 {[%clk 00:54:54]} {[%emt 00:03:38]} Nf5 {[%clk
00:57:56]} {[%emt 00:06:41]} 18. Qh5 {[%clk 00:51:40]} {[%emt 00:03:45]} Nxg3
{[%clk 00:55:26]} {[%emt 00:03:00]} 19. Qxg6 {[%clk 00:52:01]} {[%emt
00:00:09]} hxg6 {[%clk 00:55:15]} {[%emt 00:00:41]} 20. hxg3 {[%clk 00:52:27]}
{[%emt 00:00:05]} c5 {[%clk 00:53:00]} {[%emt 00:02:43]} 21. Be3 {[%clk
00:51:39]} {[%emt 00:01:20]} cxd4 {[%clk 00:50:52]} {[%emt 00:02:37]} 22. Bxd4
{[%clk 00:51:35]} {[%emt 00:00:34]} Kb8 {[%clk 00:50:34]} {[%emt 00:00:48]} 23.
Rad1 {[%clk 00:51:18]} {[%emt 00:00:48]} Rhd8 {[%clk 00:50:29]} {[%emt
00:00:34]} 24. Rd2 {[%clk 00:48:18]} {[%emt 00:03:31]} Bc5 {[%clk 00:50:07]}
{[%emt 00:00:50]} 25. Red1 {[%clk 00:48:28]} {[%emt 00:00:21]} Kc7 {[%clk
00:47:07]} {[%emt 00:03:30]} 26. Kf1 {[%clk 00:48:03]} {[%emt 00:00:56]} Kc6
{[%clk 00:46:57]} {[%emt 00:00:40]} 27. Ke2 {[%clk 00:47:40]} {[%emt 00:00:52]}
Re7+ {[%clk 00:45:48]} {[%emt 00:01:38]} 28. Kf3 {[%emt 00:01:55]} Red7 {[%clk
00:45:27]} {[%emt 00:00:42]} 29. b4 {[%clk 00:43:33]} {[%emt 00:03:23]} Bf8
{[%clk 00:44:41]} {[%emt 00:01:14]} 30. a4 {[%clk 00:41:46]} {[%emt 00:02:18]}
a6 {[%clk 00:44:23]} {[%emt 00:00:48]} 31. Ke4 {[%clk 00:37:33]} {[%emt
00:04:43]} f5+ {[%clk 00:44:11]} {[%emt 00:00:42]} 32. Kf3 {[%clk 00:34:57]}
{[%emt 00:03:14]} Be7 {[%clk 00:42:16]} 33. Ke3 {[%clk 00:34:57]} Bf8 {[%clk
00:42:16]} {[%emt 00:03:15]} 34. Be5 {[%clk 00:33:53]} Rxd2 {[%clk 00:41:34]}
{[%emt 00:02:47]} 35. Rxd2 {[%clk 00:34:22]} Rxd2 {[%clk 00:41:23]} {[%emt
00:00:44]} 36. Kxd2 {[%clk 00:34:48]} {[%emt 00:00:04]} Kd5 {[%clk 00:41:45]}
{[%emt 00:00:07]} 37. Kd3 {[%clk 00:35:02]} g5 {[%clk 00:41:05]} {[%emt
00:01:26]} 38. c4+ {[%clk 00:32:04]} Ke6 {[%clk 00:41:05]} 39. b5 {[%clk
00:32:04]} axb5 {[%clk 00:41:05]} 40. cxb5 {[%clk 00:32:04]} g4 {[%clk
00:39:40]} {[%emt 00:09:11]} 41. Kd4 {[%clk 00:28:05]} {[%emt 00:02:42]} b6
{[%clk 00:39:48]} {[%emt 00:00:23]} 42. a5 {[%clk 00:25:34]} {[%emt 00:03:01]}
Kd7 {[%clk 00:37:26]} {[%emt 00:02:51]} 43. a6 {[%clk 00:19:59]} {[%emt
00:06:05]} Kc8 {[%clk 00:37:27]} {[%emt 00:00:28]} 44. Kd5 {[%clk 00:19:43]}
{[%emt 00:00:46]} Bc5 {[%clk 00:36:53]} {[%emt 00:01:03]} 45. Kc6 {[%emt
00:00:25]} 1-0

[Event "DEM U16w 2025"]
[Site "Willingen GER"]
[Date "2025.06.11"]
[Round "6"]
[White "Haug, Mara"]
[Black "Wartenberg, Alissa"]
[Result "1/2-1/2"]
[Termination "normal"]
[Board "13"]
[WhiteElo "1999"]
[BlackElo "1850"]
[WhiteClock "00:32:16"]
[BlackClock "00:21:59"]
[PlyCount "85"]
[WhiteFideId "16259300"]
[BlackFideId "16280741"]
[EventCountry "GER"]
[EventRounds "9"]
[EventType "swiss"]
[EventDate "2025.06.07"]

1. e4 {[%clk 01:30:57]} {[%emt 00:00:03]} e5 {[%clk 01:30:57]} {[%emt
00:00:02]} 2. Nc3 {[%clk 01:31:18]} {[%emt 00:00:09]} Nf6 {[%clk 01:31:22]}
{[%emt 00:00:05]} 3. g3 {[%clk 01:31:44]} {[%emt 00:00:05]} d5 {[%clk
01:31:46]} {[%emt 00:00:06]} 4. exd5 {[%clk 01:32:10]} {[%emt 00:00:04]} Nxd5
{[%clk 01:32:12]} {[%emt 00:00:03]} 5. Bg2 {[%clk 01:32:35]} {[%emt 00:00:06]}
Nxc3 {[%clk 01:32:38]} {[%emt 00:00:03]} 6. bxc3 {[%clk 01:33:00]} {[%emt
00:00:05]} Nc6 {[%clk 01:33:01]} {[%emt 00:00:08]} 7. Nf3 {[%clk 01:33:22]}
{[%emt 00:00:07]} Bc5 {[%clk 01:33:00]} {[%emt 00:00:31]} 8. O-O {[%clk
01:33:38]} {[%emt 00:00:12]} O-O {[%clk 01:33:19]} {[%emt 00:00:12]} 9. d3
{[%clk 01:34:00]} {[%emt 00:00:09]} Re8 {[%clk 01:27:33]} {[%emt 00:06:15]} 10.
Nd2 {[%clk 01:31:56]} {[%emt 00:02:34]} Be6 {[%clk 01:21:46]} {[%emt 00:06:16]}
11. a4 {[%clk 01:30:33]} {[%emt 00:01:53]} Bb6 {[%clk 01:13:30]} {[%emt
00:08:46]} 12. Nb3 {[%clk 01:23:02]} {[%emt 00:08:01]} a6 {[%clk 01:10:59]} 13.
a5 {[%clk 01:13:46]} {[%emt 00:12:48]} Ba7 {[%clk 01:11:17]} 14. Be3 {[%clk
01:12:35]} {[%emt 00:01:53]} Bd5 {[%clk 01:02:20]} 15. Bxa7 {[%clk 01:08:46]}
{[%emt 00:13:46]} Bxg2 16. Kxg2 Nxa7 {[%clk 00:50:36]} {[%emt 00:08:28]} 17.
Qf3 {[%clk 01:07:46]} {[%emt 00:01:42]} Nc6 {[%clk 00:42:09]} {[%emt 00:08:59]}
18. Nc5 {[%clk 01:00:54]} {[%emt 00:07:23]} Nxa5 {[%clk 00:32:31]} {[%emt
00:10:08]} 19. Rxa5 {[%clk 01:00:55]} {[%emt 00:00:29]} b6 {[%clk 00:32:56]}
{[%emt 00:00:05]} 20. Rxa6 {[%clk 01:00:33]} {[%emt 00:00:51]} bxc5 {[%clk
00:33:17]} {[%emt 00:00:10]} 21. Rfa1 {[%clk 00:53:07]} {[%emt 00:07:55]} Rxa6
{[%clk 00:26:09]} {[%emt 00:07:39]} 22. Rxa6 {[%clk 00:53:03]} {[%emt
00:01:17]} c4 {[%clk 00:17:45]} {[%emt 00:08:55]} 23. dxc4 {[%clk 00:47:43]}
{[%emt 00:05:48]} g6 {[%clk 00:15:25]} {[%emt 00:02:51]} 24. Qd5 {[%clk
00:44:47]} {[%emt 00:03:25]} Qc8 {[%clk 00:14:19]} {[%emt 00:01:37]} 25. Rc6
{[%clk 00:41:36]} {[%emt 00:03:40]} e4 {[%clk 00:11:08]} {[%emt 00:03:42]} 26.
Rf6 {[%clk 00:35:44]} {[%emt 00:06:20]} Re7 {[%clk 00:08:38]} {[%emt 00:03:02]}
27. h4 {[%clk 00:29:49]} {[%emt 00:06:26]} Kg7 {[%clk 00:06:58]} 28. Rc6 {[%emt
00:06:13]} Re6 29. Rc5 c6 30. Qd4+ f6 31. Ra5 Re7 32. Qc5 {[%clk 00:26:14]} Kf7
{[%clk 00:02:01]} {[%emt 00:16:45]} 33. Qe3 {[%clk 00:17:23]} {[%emt 00:02:03]}
Qe6 {[%clk 00:01:32]} {[%emt 00:01:01]} 34. Rc5 {[%clk 00:14:54]} {[%emt
00:02:58]} Rd7 {[%clk 00:01:25]} {[%emt 00:00:37]} 35. Qh6 {[%clk 00:10:58]}
{[%emt 00:04:26]} Kg8 {[%clk 00:01:32]} {[%emt 00:00:23]} 36. Ra5 {[%clk
00:10:18]} {[%emt 00:01:09]} Re7 {[%clk 00:01:07]} {[%emt 00:00:56]} 37. h5
{[%clk 00:09:16]} {[%emt 00:01:31]} gxh5 {[%clk 00:00:38]} {[%emt 00:01:00]}
38. Ra8+ {[%clk 00:08:55]} {[%emt 00:00:50]} Re8 {[%clk 00:01:02]} {[%emt
00:00:05]} 39. Rxe8+ {[%clk 00:09:05]} {[%emt 00:00:20]} Qxe8 {[%clk 00:01:28]}
{[%emt 00:00:04]} 40. Qxf6 {[%clk 00:09:18]} {[%emt 00:00:17]} Qg6 {[%clk
00:01:36]} {[%emt 00:00:23]} 41. Qe7 {[%clk 00:07:10]} {[%emt 00:02:36]} h6
{[%clk 00:25:31]} {[%emt 00:06:37]} 42. c5 {[%clk 00:34:20]} {[%emt 00:03:18]}
Kh8 {[%clk 00:21:59]} {[%emt 00:04:03]} 43. Qd6 {[%clk 00:32:16]} {[%emt
00:02:33]} 1/2-1/2

[Event "DEM U16w 2025"]
[Site "Willingen GER"]
[Date "2025.06.11"]
[Round "6"]
[White "Dodul, Alice"]
[Black "Pommerehncke, Marla"]
[Result "0-1"]
[Termination "normal"]
[Board "14"]
[WhiteElo "1749"]
[BlackElo "1391"]
[WhiteClock "01:00:04"]
[BlackClock "00:43:13"]
[PlyCount "58"]
[WhiteFideId "34623817"]
[BlackFideId "34686347"]
[EventCountry "GER"]
[EventRounds "9"]
[EventType "swiss"]
[EventDate "2025.06.07"]

1. e4 {[%clk 01:30:59]} e5 {[%clk 01:30:52]} {[%emt 00:00:09]} 2. Nf3 {[%clk
01:31:24]} {[%emt 00:00:04]} Nc6 {[%clk 01:31:01]} {[%emt 00:00:22]} 3. d4
{[%clk 01:31:50]} {[%emt 00:00:03]} exd4 {[%clk 01:31:18]} {[%emt 00:00:14]} 4.
Bc4 {[%clk 01:32:15]} {[%emt 00:00:04]} Bc5 {[%clk 01:31:37]} {[%emt 00:00:11]}
5. c3 {[%clk 01:32:37]} {[%emt 00:00:08]} Nf6 {[%clk 01:31:54]} {[%emt
00:00:14]} 6. e5 {[%clk 01:32:51]} {[%emt 00:00:15]} d5 {[%clk 01:31:51]}
{[%emt 00:00:33]} 7. Bb5 {[%clk 01:33:01]} {[%emt 00:00:20]} Ne4 {[%clk
01:31:57]} {[%emt 00:00:24]} 8. cxd4 {[%clk 01:33:14]} {[%emt 00:00:16]} Bb6
{[%clk 01:32:20]} {[%emt 00:00:09]} 9. O-O {[%clk 01:33:21]} {[%emt 00:00:23]}
Bg4 {[%clk 01:31:02]} {[%emt 00:01:47]} 10. Be3 {[%clk 01:30:40]} {[%emt
00:03:11]} O-O {[%clk 01:28:17]} {[%emt 00:03:16]} 11. Bxc6 {[%clk 01:30:42]}
{[%emt 00:00:27]} bxc6 {[%clk 01:28:16]} {[%emt 00:00:31]} 12. Nc3 {[%clk
01:30:36]} {[%emt 00:00:35]} f6 {[%clk 01:21:49]} {[%emt 00:06:58]} 13. a4
{[%clk 01:24:21]} {[%emt 00:06:45]} a5 {[%clk 01:17:07]} {[%emt 00:05:13]} 14.
exf6 {[%clk 01:02:02]} {[%emt 00:22:49]} Qxf6 {[%clk 01:07:42]} {[%emt
00:09:55]} 15. Nxe4 {[%clk 01:01:46]} {[%emt 00:00:45]} dxe4 {[%clk 01:04:53]}
{[%emt 00:03:20]} 16. Qb3+ {[%clk 01:02:03]} {[%emt 00:00:11]} Be6 {[%clk
00:59:00]} {[%emt 00:06:24]} 17. Bg5 {[%clk 01:01:33]} {[%emt 00:01:01]} Bxb3
{[%clk 00:57:34]} {[%emt 00:01:56]} 18. Bxf6 {[%clk 01:01:58]} {[%emt
00:00:05]} Rxf6 {[%clk 00:57:04]} {[%emt 00:00:59]} 19. Nd2 {[%clk 01:02:00]}
{[%emt 00:00:27]} Bd5 {[%clk 00:56:38]} {[%emt 00:00:57]} 20. Rfe1 {[%clk
01:01:44]} {[%emt 00:00:45]} Re6 {[%clk 00:52:04]} {[%emt 00:05:06]} 21. b3
{[%clk 00:59:25]} {[%emt 00:02:49]} Bxd4 {[%clk 00:49:30]} {[%emt 00:03:03]}
22. Rad1 {[%clk 00:59:37]} {[%emt 00:00:17]} e3 {[%clk 00:46:26]} {[%emt
00:03:34]} 23. fxe3 {[%clk 00:59:12]} {[%emt 00:00:55]} Bxe3+ {[%clk 00:44:48]}
{[%emt 00:02:09]} 24. Kh1 {[%clk 00:58:57]} {[%emt 00:00:43]} Bxd2 {[%clk
00:44:43]} {[%emt 00:00:38]} 25. Rxe6 {[%clk 00:59:22]} {[%emt 00:00:04]} Bxe6
{[%clk 00:44:45]} {[%emt 00:00:29]} 26. Rxd2 {[%clk 00:59:47]} {[%emt
00:00:04]} Bxb3 {[%clk 00:43:44]} {[%emt 00:01:32]} 27. Rd7 {[%clk 00:59:22]}
{[%emt 00:00:54]} Rf8 {[%clk 00:43:31]} {[%emt 00:00:43]} 28. h3 {[%clk
00:59:45]} {[%emt 00:00:07]} Bxa4 {[%clk 00:43:22]} {[%emt 00:00:39]} 29. Rxc7
{[%clk 01:00:04]} {[%emt 00:00:10]} Ra8 {[%clk 00:43:13]} {[%emt 00:00:40]} 0-1